000 01593cam a22002054a 4500
005 20250804123114.0
008 250528s ||||||||||||||||||||||||d
035 _a18272
020 _a1861529481
040 _aGR-AtMCL
_bgre
_dGR-AtMCL
_eAACR2
245 1 _aOrganizational Behaviour and Management / Third Edition
250 _a3rd
260 _bThomson Information/ Publishing Group,
_c2005
300 _a884
520 _aA comprehensive understanding of the human experience within work organizations. Introduction to Management and Organizational Behavior, Organizational Behavior Today, Management and Organizations - Evolution and Academic Perspectives, Individuals within Organizations, Perception and Attitude Formation, Personality and Individual Difference, Learning within Organizations, Groups and Teams within Organizations, Groups and Teams: Formation and Structure, Groups and Teams: Dynamics and Effectiveness, Managing Organizations, Management Within Organizations, Leadership in Organizations, Managing People Within an Organization, Managing People and Stress, Motivation and Performance Management, Ethics and Organizational Culture, Managing Work Design and Technology and Structure, Work Design and Organization, Technology and Work, Organizational Structure and Design, Managing the Processes and Dynamics of Organizations, Communication and Decision Making and Negotiation, Power and Control, Conflict and Organizational Politics, Organizational Development and Change.
700 1 _aMartin, John C.
_91087
942 _cBK
999 _c3640
_d3640